Priorities in critical care nursing. (7th edition) (Record no. 77172)

MARC details
000 -LEADER
fixed length control field 01267nam a2200217 a 4500
008 - FIXED-LENGTH DATA ELEMENTS--GENERAL INFORMATION
fixed length control field 201027s2016 ||||||||||||||||| || u
020 ## - INTERNATIONAL STANDARD BOOK NUMBER
International Standard Book Number 9780323320856
050 ## - LIBRARY OF CONGRESS CALL NUMBER
Classification number RT 120 Urd
100 ## - MAIN ENTRY--PERSONAL NAME
Personal name Lough, Mary E
245 10 - TITLE STATEMENT
Title Priorities in critical care nursing. (7th edition)
Statement of responsibility, etc. By Linda D. Urden; Kathleen M. Stacy; Mary E. Lough
250 ## - EDITION STATEMENT
Edition statement 7th edition
260 ## - PUBLICATION, DISTRIBUTION, ETC.
Place of publication, distribution, etc. St Louis
Name of publisher, distributor, etc. Elsevier
Date of publication, distribution, etc. 2016
300 ## - PHYSICAL DESCRIPTION
Extent xi, 641 pages : illustrations
650 ## - SUBJECT ADDED ENTRY--TOPICAL TERM
Topical term or geographic name entry element INTENSIVE CARE NURSING
700 ## - ADDED ENTRY--PERSONAL NAME
Personal name Stacy, Kathleen M
700 ## - ADDED ENTRY--PERSONAL NAME
Personal name Urden, Linda D
995 ## -
-- MEDICAL LIBRARY OPEN ACCESS
-- 904840
-- CBU-MAIN LIBRARY (Kitwe)
-- 70.17
-- RT 120 Urd
-- 4
-- AVAILABLE
-- Dec 1, 2020
-- 904840
-- Medical Library Open Access Collection
995 ## -
-- MEDICAL LIBRARY OPEN ACCESS
-- 70.17
-- 904839
-- CBU-SCHOOL OF MEDICINE LIBRARY (Ndola)
-- RT 120 Urd
-- 3
-- AVAILABLE
-- Oct 29, 2020
-- 904839
-- Medical Library Open Access Collection
995 ## -
-- MEDICAL LIBRARY OPEN ACCESS
-- 70.17
-- 904837
-- CBU-SCHOOL OF MEDICINE LIBRARY (Ndola)
-- RT 120 Urd
-- 1
-- AVAILABLE
-- Oct 29, 2020
-- 904837
-- Medical Library Open Access Collection
995 ## -
-- MEDICAL LIBRARY OPEN ACCESS
-- 70.17
-- 904838
-- CBU-SCHOOL OF MEDICINE LIBRARY (Ndola)
-- RT 120 Urd
-- 2
-- AVAILABLE
-- Oct 29, 2020
-- 904838
-- Medical Library Open Access Collection
999 ## -
-- 77172
-- 77172
Holdings
Withdrawn status Lost status Source of classification or shelving scheme Damaged status Not for loan Permanent Location Current Location Shelving location Date acquired Total Checkouts Full call number Barcode Date last seen Copy number Price effective from Koha item type
          CBU-SCHOOL OF MEDICINE LIBRARY, NDOLA. CBU-SCHOOL OF MEDICINE LIBRARY, NDOLA.   04/25/2023   RT 120 Urd 904840 04/25/2023 1 04/25/2023 MONOGRAPH
          CBU-SCHOOL OF MEDICINE LIBRARY, NDOLA. CBU-SCHOOL OF MEDICINE LIBRARY, NDOLA.   04/25/2023   RT 120 Urd 904839 04/25/2023 2 04/25/2023 MONOGRAPH
          CBU-SCHOOL OF MEDICINE LIBRARY, NDOLA. CBU-SCHOOL OF MEDICINE LIBRARY, NDOLA.   04/25/2023   RT 120 Urd 904837 04/25/2023 3 04/25/2023 MONOGRAPH
          CBU-SCHOOL OF MEDICINE LIBRARY, NDOLA. CBU-SCHOOL OF MEDICINE LIBRARY, NDOLA.   04/25/2023   RT 120 Urd 904838 04/25/2023 4 04/25/2023 MONOGRAPH